LEADER 01501nam a2200289 4500 001 000000341260 003 CaOOAMICUS 005 20220927120137.0 008 200727s1724 it a 000 u ita r 026 $anala goe. p.*- nest (7) 1724 (Q)$b[*= ae] 040 $aSeMil$bita 245 00$aModo breve di recitare la la Corona de Sette Dolori principali della SS. Vergine Maria instituita da i sette Beati fondatori dell'Ordine de suoi servi. Proposte da un religioso dello stesso Ordine a tutti i fedeli: .... 264 1$aIn Milano :$bPer Carlo Bolzani,$c[1724] 300 $a48 p. :$bantip. ;$c16° (lungo) 500 $aAntip. xilogr. con ritratto della Madonna dei Sette Dolori 500 $aCc. A11v, B3v bianche 500 $aSegn.: A-B12 500 $aData di pubblicazione presunta nel titolo 650 4$aMadonna - Preghiere.$0(OLS)http://semarc/subject/6540 700 1 $aBolzani, Carlo,$c.$0(OLS)http://semarc/name/92507 752 $aIT$dMilano 850 $aSeMil 852 $aSeMil$W1$xVenegono$y1$m3Z I 16/1 FA$j220003$B232237$CSeMilBibl$Z2$F232237 $8I 941 1 $a10 996 $6245$aModo breve di recitare la la Corona de Sette Dolori principali della SS. Vergine Maria instituita da i sette Beati fondatori dell'Ordine de suoi servi. Proposte da un religioso dello stesso Ordine a tutti i fedeli: ... $9(OLS)http://semarc/title/430289 996 $6264$aIn Milano :$bPer Carlo Bolzani$9(OLS)http://semarc/publisher/58992 LEADER 00908nam a2200205 i 4500 001 000000203584 003 CaOOAMICUS 005 20110701000000.0 008 110701s1936 it u000 u ita u 013 $a182297 040 $aSeMil$bita 100 1 $aDe Regibus, Luca.$0(OLS)http://semarc/name/66020 245 10$aProblemi d'Impero nella storia romana del terzo secolo /$cLuca De Regibus. 260 $aTorino [etc.] :$bSocietà Editrice Internazionale,$cstampa 1936. 300 $a88 p. ;$c20 cm. 650 4$aImpero romano <27 a.C.-395> - Storia - Sec. 3.$0(OLS)http://semarc/subject/38353 850 $aSeMil 852 $aSeMil$W1$xVenegono$y1$m3U II 194$j154078$B154078$CSeMilBibl$Z2$F164971 $81 996 $6245$aProblemi d'Impero nella storia romana del terzo secolo$9(OLS)http://semarc/title/294903 996 $6260$aTorino [etc.] :$bSocietà Editrice Internazionale$9(OLS)http://semarc/publisher/31170